MyGZULibrary

Political regimes, public policy, and economic development : (Record no. 3554)

MARC details
000 -LEADER
fixed length control field 01265pam a2200325 a 4500
001 - CONTROL NUMBER
control field 1020543
003 - CONTROL NUMBER IDENTIFIER
control field GZU
005 - DATE AND TIME OF LATEST TRANSACTION
control field 20201202105648.0
008 - FIXED-LENGTH DATA ELEMENTS--GENERAL INFORMATION
fixed length control field 880525s1988 ii a bs 001 0 eng
010 ## - LIBRARY OF CONGRESS CONTROL NUMBER
LC control number 88018225
020 ## - INTERNATIONAL STANDARD BOOK NUMBER
International Standard Book Number 0803995717 (U.S.)
040 ## - CATALOGING SOURCE
Original cataloging agency DLC
Transcribing agency DLC
Modifying agency DLC
043 ## - GEOGRAPHIC AREA CODE
Geographic area code a-ii---
-- a-pk---
050 00 - LIBRARY OF CONGRESS CALL NUMBER
Classification number HD2075.P6
Item number SIM 1988
082 00 - DEWEY DECIMAL CLASSIFICATION NUMBER
Classification number 338.1/0954/5
Edition number 19
100 1# - MAIN ENTRY--PERSONAL NAME
Personal name Sims, Holly.
245 10 - TITLE STATEMENT
Title Political regimes, public policy, and economic development :
Remainder of title agricultural performance and rural change in two Punjabs /
Statement of responsibility, etc. Holly Sims.
260 ## - PUBLICATION, DISTRIBUTION, ETC.
Place of publication, distribution, etc. New Delhi ;
-- Newbury Park, Calif. :
Name of publisher, distributor, etc. Sage Publications,
Date of publication, distribution, etc. 1988.
300 ## - PHYSICAL DESCRIPTION
Extent 206 p. :
Other physical details ill. ;
Dimensions 23 cm.
500 ## - GENERAL NOTE
General note Includes index.
504 ## - BIBLIOGRAPHY, ETC. NOTE
Bibliography, etc. note Bibliography: p. [190]-200.
650 #0 - SUBJECT ADDED ENTRY--TOPICAL TERM
Topical term or geographic name entry element Agricultural productivity
Geographic subdivision India
-- Punjab.
650 #0 - SUBJECT ADDED ENTRY--TOPICAL TERM
Topical term or geographic name entry element Agricultural productivity
Geographic subdivision Pakistan
-- Punjab.
650 #0 - SUBJECT ADDED ENTRY--TOPICAL TERM
Topical term or geographic name entry element Rural development
Geographic subdivision India
-- Punjab.
650 #0 - SUBJECT ADDED ENTRY--TOPICAL TERM
Topical term or geographic name entry element Rural development
Geographic subdivision Pakistan
-- Punjab.
856 42 - ELECTRONIC LOCATION AND ACCESS
Materials specified Publisher description
Uniform Resource Identifier <a href="http://www.loc.gov/catdir/enhancements/fy0657/88018225-d.html">http://www.loc.gov/catdir/enhancements/fy0657/88018225-d.html</a>
856 41 - ELECTRONIC LOCATION AND ACCESS
Materials specified Table of contents only
Uniform Resource Identifier <a href="http://www.loc.gov/catdir/enhancements/fy0657/88018225-t.html">http://www.loc.gov/catdir/enhancements/fy0657/88018225-t.html</a>
906 ## - LOCAL DATA ELEMENT F, LDF (RLIN)
a 7
b cbc
c orignew
d 1
e ocip
f 19
g y-gencatlg
942 ## - ADDED ENTRY ELEMENTS (KOHA)
Source of classification or shelving scheme Library of Congress Classification
Koha item type Books
Classification part 2075.P6
Item part SIM
Call number prefix HD
Holdings
Withdrawn status Lost status Damaged status Not for loan Collection code Home library Current library Shelving location Date acquired Total Checkouts Full call number Barcode Date last seen Copy number Price effective from Koha item type
        Non-fiction City Campus Library City Campus Library General Stacks 12/02/2020   HD 2075. P6 SIM1988 B017241 12/02/2020 c. 1 12/02/2020 Books
        Non-fiction City Campus Library City Campus Library General Stacks 12/02/2020   HD 2075.P6 SIM 1988 B017243 12/02/2020 c.2 12/02/2020 Books